[Event "Mittelrhein Verbandsliga Nord 1920"]
[Site "Mittelrhein"]
[Date "2019.10.27"]
[Round "2.4"]
[White "Krause, Ingo"]
[Black "Luett, Michael"]
[Result "0-1"]
[WhiteElo "1882"]
[BlackElo "1952"]
[PlyCount "84"]
[EventDate "2019.09.29"]
[EventType "team-tourn"]
[EventRounds "9"]
[EventCountry "GER"]
[SourceTitle "EXT 2023"]
[Source "ChessBase"]
[SourceDate "2022.10.05"]
[SourceVersion "1"]
[SourceVersionDate "2022.10.05"]
[SourceQuality "1"]
[WhiteTeam "Monheim/Baumberg"]
[BlackTeam "Troisdorf"]
[WhiteTeamCountry "GER"]
[BlackTeamCountry "GER"]

1. e4 e5 2. Nf3 d6 3. Bc4 Nf6 4. Nc3 Be7 5. d3 c6 6. Bd2 h6 7. Qe2 b5 8. Bb3 Nbd7 9. a3 Qc7 10. h3 Nc5 11. Ba2 Be6 12. 0-0 Bxa2 13. Nxa2 Ne6 14. Nc3 Nh7 15. Nd1 Nhg5 16. c3 Rb8 17. Nh2 Nf4 18. Bxf4 exf4 19. f3 Ne6 20. Ng4 a5 21. d4 0-0 22. Ndf2 h5 23. Nh2 Qb6 24. Qd2 g5 25. Rfe1 b4 26. axb4 axb4 27. Nd3 c5 28. d5 c4+ 29. Kh1 cxd3 30. dxe6 fxe6 31. Qxd3 Qb5 32. c4 Qe5 33. b3 Ra8 34. Rab1 Ra2 35. Nf1 Rfa8 36. Kh2 R8a3 37. Rec1 Rb2 38. Rxb2 Qxb2 39. Rb1 Qe5 40. Qd1 Ra2 41. h4 gxh4 42. Kh3 Qg5 0-1

[Event "Mittelrhein Verbandsliga-S 18/19"]
[Site "Nordrheinwestfalen"]
[Date "2018.09.02"]
[Round "1.4"]
[White "Luett, Michael"]
[Black "Hemmert, Burghard"]
[Result "0-1"]
[WhiteElo "1916"]
[BlackElo "1979"]
[PlyCount "80"]
[EventDate "2018.09.02"]
[EventType "team-tourn"]
[EventRounds "11"]
[EventCountry "GER"]
[SourceTitle "EXT 2022"]
[Source "ChessBase"]
[SourceDate "2021.10.06"]
[SourceVersion "1"]
[SourceVersionDate "2021.10.06"]
[SourceQuality "1"]
[WhiteTeam "Troisdorf"]
[BlackTeam "Siebengebirge"]
[WhiteTeamCountry "GER"]
[BlackTeamCountry "GER"]

1. Nf3 Nf6 2. c4 e6 3. e3 d5 4. b3 Bd6 5. Nc3 0-0 6. Bb2 c6 7. Qc2 Nbd7 8. Rg1 e5 9. g4 e4 10. g5 Ne8 11. Nd4 Ne5 12. Be2 Be6 13. h4 Qe7 14. h5 a6 15. h6 g6 16. f4 exf3 17. Nxf3 Nxf3+ 18. Bxf3 Bf5 19. e4 dxe4 20. Nxe4 Be5 21. Bxe5 Qxe5 22. Qc3 Qe7 23. Qe3 Bxe4 24. Bxe4 Nd6 25. d3 Nf5 26. Qd2 Qe5 27. Rb1 Nd4 28. Qg2 f5 29. gxf6 Rxf6 30. Rf1 Raf8 31. Rxf6 Rxf6 32. Qg4 Ne6 33. Ke2 Rf4 34. Qg2 Ng5 35. Ke3 Rf3+ 36. Ke2 Rg3 37. Qh1 Rg4 38. Ke3 Nxe4 39. dxe4 Qc3+ 40. Ke2 Rg3 0-1

[Event "Mittelrhein Verbandsliga-S 17/18"]
[Site "Nordrheinwestfalen"]
[Date "2017.10.01"]
[Round "2.3"]
[White "Luett, Michael"]
[Black "Evers, Leo"]
[Result "1-0"]
[WhiteElo "1891"]
[BlackElo "2023"]
[PlyCount "113"]
[EventDate "2017.09.10"]
[EventType "team-tourn"]
[EventRounds "11"]
[EventCountry "GER"]
[SourceTitle "EXT 2022"]
[Source "ChessBase"]
[SourceDate "2021.10.06"]
[SourceVersion "1"]
[SourceVersionDate "2021.10.06"]
[SourceQuality "1"]
[WhiteTeam "Troisdorf"]
[BlackTeam "Porz SG III"]
[WhiteTeamCountry "GER"]
[BlackTeamCountry "GER"]

1. Nf3 c5 2. c4 Nc6 3. b3 e5 4. Nc3 d6 5. g3 Nf6 6. Bg2 Be7 7. 0-0 0-0 8. Bb2 h6 9. d3 a6 10. e3 Bg4 11. h3 Bh5 12. g4 Bg6 13. Nh4 Bh7 14. Nf5 Qd7 15. Ng3 Bd8 16. Nce4 Ne8 17. d4 cxd4 18. exd4 f5 19. gxf5 Bxf5 20. dxe5 dxe5 21. Qxd7 Bxd7 22. Rad1 Nd4 23. Bxd4 exd4 24. Rxd4 Bc6 25. Rd3 Be7 26. Nc3 Bxg2 27. Kxg2 Nf6 28. Nd5 Nxd5 29. Rxd5 Rad8 30. Nf5 Bb4 31. Rfd1 Rxd5 32. Rxd5 Rf7 33. Rd8+ Kh7 34. Rd5 Be1 35. f3 Bb4 36. Ng3 Re7 37. Ne4 Kg8 38. Kf2 Kf7 39. Ke3 Rc7 40. Kd4 Ba3 41. Nd6+ Ke7 42. Nf5+ Ke6 43. Ke4 Kf6 44. f4 Rc6 45. Ne3 Re6+ 46. Re5 Bb2 47. Nd5+ Kf7 48. Rxe6 Kxe6 49. f5+ Kd6 50. b4 Ba3 51. c5+ Kc6 52. Kd4 Kb5 53. Kc3 a5 54. Nc7+ Kc6 55. Ne6 Kd5 56. bxa5 Ke5 57. c6 1-0

[Event "Mittelrhein Verbandsliga-O 16/17"]
[Site "Nordrheinwestfalen"]
[Date "2017.04.30"]
[Round "11.2"]
[White "Schracke, Guido"]
[Black "Luett, Michael"]
[Result "1/2-1/2"]
[WhiteElo "2037"]
[BlackElo "1923"]
[PlyCount "50"]
[EventDate "2016.09.11"]
[EventType "team-tourn"]
[EventRounds "11"]
[EventCountry "GER"]
[SourceTitle "EXT 2022"]
[Source "ChessBase"]
[SourceDate "2021.10.06"]
[SourceVersion "1"]
[SourceVersionDate "2021.10.06"]
[SourceQuality "1"]
[WhiteTeam "Niederkassel II"]
[BlackTeam "Troisdorf"]
[WhiteTeamCountry "GER"]
[BlackTeamCountry "GER"]

1. e4 e5 2. Nf3 Nf6 3. Nxe5 Qe7 4. Nf3 Nxe4 5. Be2 d5 6. 0-0 Be6 7. Nd4 Nc6 8. Bb5 Qc5 9. Bxc6+ bxc6 10. Nxe6 fxe6 11. Qh5+ Kd7 12. Nc3 Nf6 13. Qh3 g5 14. d4 Qxd4 15. Bxg5 Be7 16. Rfe1 Qg4 17. Qxg4 Nxg4 18. Bxe7 Kxe7 19. Na4 Kd6 20. c4 Rhf8 21. f3 Nh6 22. Rad1 Rf4 23. b3 Rg8 24. Kf1 Nf5 25. Kf2 Rd4 1/2-1/2

[Event "Mittelrhein Verbandsliga Ost 1314"]
[Site "Mittelrhein"]
[Date "2014.01.19"]
[Round "6.2"]
[White "Dreiocker, Andreas"]
[Black "Luett, Michael"]
[Result "0-1"]
[WhiteElo "1912"]
[BlackElo "2026"]
[PlyCount "52"]
[EventDate "2013.09.15"]
[EventType "team-tourn"]
[EventRounds "11"]
[EventCountry "GER"]
[SourceTitle "EXT 2023"]
[Source "ChessBase"]
[SourceDate "2022.10.05"]
[SourceVersion "1"]
[SourceVersionDate "2022.10.05"]
[SourceQuality "1"]
[WhiteTeam "Bergische SF II"]
[BlackTeam "Troisdorf"]
[WhiteTeamCountry "GER"]
[BlackTeamCountry "GER"]

1. e4 e5 2. f4 exf4 3. Nf3 g5 4. Bc4 Bg7 5. d4 d6 6. 0-0 Nc6 7. c3 h6 8. Nbd2 Qe7 9. Nb3 Bd7 10. e5 dxe5 11. Nxe5 Nxe5 12. dxe5 0-0-0 13. Qd4 Kb8 14. Qd5 Be6 15. Qe4 Bxc4 16. Qxc4 Bxe5 17. Bd2 Qf6 18. Rae1 Qb6+ 19. Kh1 f6 20. Qf7 h5 21. Qg7 Nh6 22. Rxe5 fxe5 23. Qxe5 Ng4 24. Qe2 Rhe8 25. Qf3 Qg6 26. h3 Rd3 0-1

[Event "Troisdorf op"]
[Site "Troisdorf"]
[Date "2013.11.26"]
[Round "6"]
[White "Luett, Michael"]
[Black "Bussard, Christian"]
[Result "1/2-1/2"]
[WhiteElo "2082"]
[BlackElo "2120"]
[PlyCount "116"]
[EventDate "2013.10.22"]
[EventType "swiss"]
[EventRounds "7"]
[EventCountry "GER"]
[SourceTitle "EXT 2016"]
[Source "ChessBase"]
[SourceDate "2015.10.08"]
[SourceVersion "1"]
[SourceVersionDate "2015.10.08"]
[SourceQuality "1"]

1. Nf3 Nf6 2. d4 e6 3. e3 b6 4. Nbd2 Bb7 5. Bd3 c5 6. 0-0 Be7 7. dxc5 bxc5 8. e4 d5 9. exd5 exd5 10. Bb5+ Nbd7 11. Ne5 0-0 12. Ndf3 Nxe5 13. Nxe5 Bd6 14. Ng4 Ne4 15. f3 Ng5 16. Ne3 Ne6 17. Nf5 Be5 18. Qe1 Qf6 19. Ne7+ Kh8 20. c3 Nc7 21. Bc6 Bxc6 22. Nxc6 Bxh2+ 23. Kxh2 Qxc6 24. Qf2 Ne6 25. f4 f5 26. Re1 Rae8 27. Re5 d4 28. Bd2 Qd6 29. Rae1 Nc7 30. a3 Rxe5 31. Rxe5 Nd5 32. cxd4 Nf6 33. dxc5 Ng4+ 34. Kg1 Qh6 35. Qd4 Qh2+ 36. Kf1 Qh1+ 37. Qg1 Qxg1+ 38. Kxg1 Nxe5 39. fxe5 Kg8 40. Kf2 Kf7 41. b4 Ke6 42. Bc3 Rc8 43. Ke3 g5 44. Bd4 Kd5 45. Kd3 a6 46. e6 Kxe6 47. Kc4 h5 48. a4 f4 49. b5 axb5+ 50. axb5 g4 51. b6 h4 52. b7 Rg8 53. Kb5 h3 54. gxh3 gxh3 55. c6 h2 56. c7 Kd7 57. b8Q Rxb8+ 58. cxb8Q h1Q 1/2-1/2

[Event "Mittelrhein Verbandsliga Ost 1314"]
[Site "Mittelrhein"]
[Date "2013.11.24"]
[Round "4.1"]
[White "Luett, Michael"]
[Black "Hemmann, Arnold"]
[Result "0-1"]
[WhiteElo "2022"]
[BlackElo "2091"]
[PlyCount "64"]
[EventDate "2013.09.15"]
[EventType "team-tourn"]
[EventRounds "11"]
[EventCountry "GER"]
[SourceTitle "EXT 2023"]
[Source "ChessBase"]
[SourceDate "2022.10.05"]
[SourceVersion "1"]
[SourceVersionDate "2022.10.05"]
[SourceQuality "1"]
[WhiteTeam "Troisdorf"]
[BlackTeam "Rheinbacher SF"]
[WhiteTeamCountry "GER"]
[BlackTeamCountry "GER"]

1. e4 c5 2. Nf3 Nf6 3. e5 Nd5 4. Nc3 e6 5. Nxd5 exd5 6. d4 Nc6 7. dxc5 Bxc5 8. Qxd5 d6 9. exd6 Qb6 10. Bc4 Bxf2+ 11. Ke2 0-0 12. Rd1 Be6 13. Qe4 Rae8 14. Kf1 Bd7 15. Qf4 Re6 16. Bxe6 fxe6 17. Qd2 Bg1 18. a4 Ne5 19. Qe2 Ng4 20. Ra3 Nxh2+ 21. Ke1 Ng4 22. Rb3 Bf2+ 23. Kf1 Qc5 24. Rb5 Bxb5 25. axb5 Bg3 26. Qd2 Nh2+ 27. Ke2 Nxf3 28. Qe3 Qxb5+ 29. Rd3 Ne5 30. Qxg3 Nxd3 31. Qxd3 Qh5+ 32. Kd2 Qg5+ 0-1

[Event "Mittelrhein Verbandsliga Ost 1314"]
[Site "Mittelrhein"]
[Date "2013.11.10"]
[Round "3.2"]
[White "Luett, Michael"]
[Black "Kopp, Jan"]
[Result "0-1"]
[WhiteElo "2022"]
[BlackElo "1957"]
[PlyCount "62"]
[EventDate "2013.09.15"]
[EventType "team-tourn"]
[EventRounds "11"]
[EventCountry "GER"]
[SourceTitle "EXT 2023"]
[Source "ChessBase"]
[SourceDate "2022.10.05"]
[SourceVersion "1"]
[SourceVersionDate "2022.10.05"]
[SourceQuality "1"]
[WhiteTeam "Troisdorf"]
[BlackTeam "Godesberg IV"]
[WhiteTeamCountry "GER"]
[BlackTeamCountry "GER"]

1. d4 g6 2. c4 c5 3. d5 Nf6 4. Nc3 Bg7 5. e4 d6 6. Nge2 0-0 7. Ng3 e6 8. Be2 exd5 9. exd5 Nbd7 10. Bf4 Qe7 11. 0-0 Ne5 12. Qd2 a6 13. Rfe1 Nfd7 14. Bh6 f5 15. Bxg7 Qxg7 16. f4 Nf7 17. Bf3 Nb6 18. b3 Qf6 19. a4 Rb8 20. Re3 Qd4 21. Qe1 Qxf4 22. Nf1 Nd7 23. Ne2 Qg5 24. h4 Qf6 25. Re6 Qd8 26. Nf4 Nde5 27. Nd2 Bxe6 28. Nxe6 Qf6 29. Nxf8 Kxf8 30. Be2 Re8 31. Rb1 Nd3 0-1

[Event "Verbandsliga Mittelrhein-Ost 1213"]
[Site "Germany"]
[Date "2013.03.03"]
[Round "8.1"]
[White "Koenig, Christian"]
[Black "Luett, Michael"]
[Result "1/2-1/2"]
[WhiteElo "2056"]
[BlackElo "2030"]
[PlyCount "77"]
[EventDate "2012.09.09"]
[EventType "team"]
[EventRounds "11"]
[EventCountry "GER"]
[SourceTitle "EXT 2015"]
[Source "ChessBase"]
[SourceDate "2014.11.20"]
[SourceVersion "1"]
[SourceVersionDate "2014.11.20"]
[SourceQuality "1"]
[WhiteTeam "Lohmar"]
[BlackTeam "Troisdorf"]
[WhiteTeamCountry "GER"]
[BlackTeamCountry "GER"]

1. e4 d6 2. d4 Nf6 3. Nc3 e5 4. Nf3 Nbd7 5. g4 Nxg4 6. Rg1 Ngf6 7. Bc4 h6 8. dxe5 dxe5 9. Be3 c6 10. Qd3 b5 11. Bb3 Qa5 12. 0-0-0 Ba6 13. Ne2 c5 14. c4 bxc4 15. Bxc4 Bxc4 16. Qxc4 Rb8 17. Bd2 Qb5 18. Qxb5 Rxb5 19. Nc3 Rb7 20. Ne1 g5 21. Nc2 Nh5 22. Ne3 Nf4 23. Kc2 f6 24. Nf5 Ne6 25. Be3 Nd4+ 26. Bxd4 cxd4 27. Nd5 Kf7 28. b3 Nc5 29. f3 Ne6 30. Kb2 h5 31. h4 Rg8 32. Rc1 Rd7 33. Rc6 Rg6 34. hxg5 fxg5 35. Nh4 Rg8 36. Nf5 Rg6 37. Nh4 Rg8 38. Nf5 Rg6 39. Nh4 1/2-1/2

[Event "Verbandsliga Mittelrhein-Ost 1213"]
[Site "Germany"]
[Date "2012.11.11"]
[Round "4.2"]
[White "Eigemann, Julian"]
[Black "Luett, Michael"]
[Result "0-1"]
[WhiteElo "1938"]
[BlackElo "2030"]
[PlyCount "52"]
[EventDate "2012.09.09"]
[EventType "team"]
[EventRounds "11"]
[EventCountry "GER"]
[SourceTitle "EXT 2015"]
[Source "ChessBase"]
[SourceDate "2014.11.20"]
[SourceVersion "1"]
[SourceVersionDate "2014.11.20"]
[SourceQuality "1"]
[WhiteTeam "Koeln Porz III"]
[BlackTeam "Troisdorf"]
[WhiteTeamCountry "GER"]
[BlackTeamCountry "GER"]

1. Nc3 g6 2. h4 Bg7 3. h5 c5 4. e4 Nc6 5. Bb5 d6 6. Nge2 Bd7 7. Bxc6 bxc6 8. d4 cxd4 9. Nxd4 Qb6 10. Nde2 gxh5 11. Rxh5 Nf6 12. Rh4 Ng4 13. Rh3 Nxf2 14. Na4 Nxd1 15. Nxb6 axb6 16. Rb3 Nxb2 17. Bxb2 Bxb2 18. Rxb2 b5 19. Kf2 c5 20. Nc3 b4 21. Nd5 Kd8 22. Rab1 e6 23. Nb6 Ra7 24. Nc4 Ke7 25. Rd1 Ra6 26. Rd3 Bb5 0-1

[Event "Verbandsliga Mittelrhein-Ost 1213"]
[Site "Germany"]
[Date "2012.10.21"]
[Round "3.2"]
[White "Luett, Michael"]
[Black "Zubarev, Alexander2222"]
[Result "0-1"]
[WhiteElo "2030"]
[BlackElo "2548"]
[PlyCount "66"]
[EventDate "2012.09.09"]
[EventType "team"]
[EventRounds "11"]
[EventCountry "GER"]
[SourceTitle "EXT 2015"]
[Source "ChessBase"]
[SourceDate "2014.11.20"]
[SourceVersion "1"]
[SourceVersionDate "2014.11.20"]
[SourceQuality "1"]
[WhiteTeam "Troisdorf"]
[BlackTeam "Siegburg"]
[WhiteTeamCountry "GER"]
[BlackTeamCountry "GER"]

1. b3 e5 2. Bb2 Nc6 3. e3 Nf6 4. Bb5 Bd6 5. Na3 Na5 6. Be2 a6 7. c4 Nc6 8. Nf3 e4 9. Nd4 Nxd4 10. exd4 c6 11. Nc2 Bc7 12. d3 d5 13. dxe4 Nxe4 14. Bf3 0-0 15. 0-0 Re8 16. g3 Bh3 17. Re1 f5 18. cxd5 cxd5 19. Rc1 Qg5 20. Bxe4 fxe4 21. Ne3 Bd6 22. Rc5 Be6 23. h4 Qg6 24. Rc2 Rf8 25. Ng2 Bg4 26. Qd2 Bf3 27. Qg5 Qe6 28. Kh2 Rf5 29. Qe3 Raf8 30. Rh1 Bxg2 31. Kxg2 Rf3 32. Qe1 e3 33. Rf1 Qe4 0-1

[Event "Cologne Ford op 17th"]
[Site "Cologne"]
[Date "2011.05.30"]
[Round "7"]
[White "Auer, Martin"]
[Black "Luett, Michael"]
[Result "1/2-1/2"]
[WhiteElo "2216"]
[BlackElo "2059"]
[PlyCount "57"]
[EventDate "2011.04.12"]
[EventType "swiss"]
[EventRounds "7"]
[EventCountry "GER"]
[SourceTitle "EXT 2012"]
[Source "ChessBase"]
[SourceDate "2011.11.24"]
[SourceVersion "1"]
[SourceVersionDate "2011.11.24"]
[SourceQuality "1"]

1. Nf3 d5 2. c4 e6 3. g3 c6 4. b3 Nf6 5. Bg2 Bd6 6. Bb2 0-0 7. 0-0 Nbd7 8. d4 Qe7 9. Nc3 b6 10. Qc2 Bb7 11. e4 dxe4 12. Nxe4 Ba3 13. Nxf6+ Nxf6 14. Bxa3 Qxa3 15. Ne5 Qd6 16. Rfd1 Rac8 17. Rac1 Qe7 18. c5 Nd5 19. Bxd5 cxd5 20. b4 f6 21. Nd3 Bc6 22. Re1 Qd7 23. Re3 Rfe8 24. f4 Ba4 25. Qc3 Re7 26. Rce1 Rce8 27. Nf2 Bb5 28. Nd3 Ba4 29. Nb2 1/2-1/2

[Event "Cologne Ford op 17th"]
[Site "Cologne"]
[Date "2011.05.23"]
[Round "6"]
[White "Luett, Michael"]
[Black "Gutt, Oswald"]
[Result "1/2-1/2"]
[WhiteElo "2059"]
[BlackElo "1907"]
[PlyCount "37"]
[EventDate "2011.04.12"]
[EventType "swiss"]
[EventRounds "7"]
[EventCountry "GER"]
[SourceTitle "EXT 2012"]
[Source "ChessBase"]
[SourceDate "2011.11.24"]
[SourceVersion "1"]
[SourceVersionDate "2011.11.24"]
[SourceQuality "1"]

1. b3 Nf6 2. Bb2 e6 3. Nf3 d5 4. e3 Be7 5. d4 0-0 6. Bd3 b6 7. Ne5 Bb7 8. 0-0 Nbd7 9. Qe2 a6 10. Nd2 c5 11. a4 Qc7 12. f4 Ne4 13. Rad1 cxd4 14. Nxd7 Qxd7 15. exd4 f5 16. Rf3 Bb4 17. Nb1 Rfc8 18. c3 Bd6 19. Rc1 1/2-1/2

[Event "Troisdorf op"]
[Site "Troisdorf"]
[Date "2006.11.21"]
[Round "5"]
[White "Luett, Michael"]
[Black "Kocur, Beata"]
[Result "1-0"]
[WhiteElo "1958"]
[BlackElo "1803"]
[PlyCount "89"]
[EventDate "2006.10.24"]
[EventType "swiss"]
[EventRounds "7"]
[EventCountry "GER"]
[SourceTitle "EXT 2011"]
[Source "ChessBase"]
[SourceDate "2010.11.26"]
[SourceVersion "1"]
[SourceVersionDate "2010.11.26"]
[SourceQuality "1"]

1. c4 e5 2. Nc3 Nf6 3. g3 d5 4. cxd5 Nxd5 5. Bg2 Nb6 6. Nf3 Nc6 7. 0-0 Be7 8. d3 0-0 9. Ne1 Nd4 10. f4 exf4 11. Bxf4 c6 12. Bd2 Bg4 13. Rf4 Bh5 14. Nc2 Ne6 15. Rf1 Bc5+ 16. Kh1 Bg6 17. Ne4 Be7 18. Ba5 f5 19. Nd2 Qb8 20. e4 f4 21. Qg4 Bf7 22. gxf4 Na4 23. f5 h5 24. Qe2 Nf4 25. Qf3 Bd6 26. d4 Re8 27. Bc3 b5 28. Bb4 Nxg2 29. Qxg2 Bxb4 30. Nxb4 Qd6 31. Rg1 g6 32. fxg6 Be6 33. d5 cxd5 34. Nxd5 Bxd5 35. exd5 Nb6 36. Ne4 Qe5 37. Rge1 Nxd5 38. Rad1 Nf4 39. Qf3 Rf8 40. Qb3+ Kg7 41. Rd7+ Kxg6 42. Rg1+ Kh6 43. Rd6+ Qxd6 44. Nxd6 Rf6 45. Nf7+ 1-0